[Event "Titled Tue 20th May Early"]
[Site "chess.com INT"]
[Date "2025.05.20"]
[Round "3"]
[White "Krishnan, Varun"]
[Black "Komov, Roman"]
[Result "1-0"]
[WhiteTitle "IM"]
[BlackTitle "FM"]
[WhiteElo "2370"]
[BlackElo "2239"]
[WhiteFideId "5054508"]
[BlackFideId "24175714"]
[EventDate "2025.05.20"]

1. d4 Nf6 2. c4 g6 3. Nf3 Bg7 4. g3 O-O 5. Bg2 d6 6. O-O Nbd7 7. b3 e5 8. dxe5
Ng4 9. Bb2 Ngxe5 10. Qc1 Re8 11. Nbd2 a5 12. a3 Nxf3+ 13. Bxf3 Ne5 14. Bg2 c6
15. Ne4 Bg4 16. Qd2 a4 17. h3 Bf5 18. Nxd6 axb3 19. c5 Bc2 20. Qb4 Nf3+ 21. Bxf3
Bxb2 22. Rab1 Bxa3 23. Qxb7 Re7 24. Qxc6 Rb8 25. Bd5 Rc7 26. Qa4 Bxc5 27. Bxf7+
Rxf7 28. Nxf7 Kxf7 29. Qc4+ Kg7 30. Qxc5 Bxb1 31. Rxb1 Qe8 32. Qc3+ Kh6 33. e3
Qe6 34. Rb2 Qd5 35. Qc1 Ra8 36. e4+ Qg5 37. Qxg5+ Kxg5 38. Rxb3 Kf6 39. f4 Ra4
40. e5+ Kf5 41. Kg2 Ke4 42. Rb2 Ra3 43. e6 Kf5 44. e7 Ra8 45. Re2 Re8 46. Kf3
Kf6 47. g4 h6 48. h4 Rxe7 49. Rxe7 Kxe7 50. Ke4 Ke6 51. g5 h5 52. Ke3 Kd6 53.
Kd4 Kd7 54. Ke5 Ke7 55. f5 gxf5 56. Kxf5 Kf7 57. g6+ Kg7 58. Kg5 Kg8 59. Kxh5 1-0

[Event "Titled Tue 20th May Early"]
[Site "chess.com INT"]
[Date "2025.05.20"]
[Round "3"]
[White "Smirnov, Alexandr A."]
[Black "Arakelyan, Manvel"]
[Result "1-0"]
[WhiteTitle "FM"]
[BlackTitle "FM"]
[WhiteElo "2136"]
[BlackElo "2326"]
[WhiteFideId "24104396"]
[BlackFideId "13317415"]
[EventDate "2025.05.20"]

1. e4 c5 2. Nf3 d6 3. Bc4 Nc6 4. O-O g6 5. d4 cxd4 6. Nxd4 Bg7 7. Nb3 Nf6 8. Nc3
O-O 9. Re1 a6 10. Bg5 Bd7 11. Bf1 Rc8 12. Nd5 Nxd5 13. exd5 Ne5 14. c3 Re8 15.
h3 h6 16. Bf4 Nc4 17. Qc1 Kh7 18. Nd2 Nxd2 19. Qxd2 Qb6 20. Re4 Bf5 21. Rb4 Qc7
22. a4 g5 23. Be3 Qd7 24. a5 Bg6 25. Bb6 e6 26. Rd1 exd5 27. Qxd5 Rc6 28. Be3
Re5 29. Qd2 Rxa5 30. Bc4 Rf5 31. Be2 Re5 32. f4 gxf4 33. Bxf4 Re6 34. Bg4 f5 35.
Bf3 Rc8 36. Rxb7 Rc7 37. Rb4 Qf7 38. Bd5 Rd7 39. Kh2 Qe7 40. Bxe6 Qxe6 41. Re1
Qf7 42. Rb6 Be5 43. Bxe5 dxe5 44. Rd6 Re7 45. Qd5 Qg7 46. Re6 e4 47. Rxe7 Qxe7
48. c4 f4 49. c5 f3 50. gxf3 Qh4 51. Qd7+ Kg8 52. Qc8+ Kh7 53. Rg1 Qf4+ 54. Rg3
exf3 55. Qb7+ Bf7 56. Qxf3 Qd2+ 57. Rg2 Qd7 58. Qg4 Qc7+ 59. Rg3 1-0

[Event "Titled Tue 20th May Early"]
[Site "chess.com INT"]
[Date "2025.05.20"]
[Round "3"]
[White "Barp, Alberto"]
[Black "Gutierrez Olivares, Daniel"]
[Result "0-1"]
[WhiteTitle "IM"]
[BlackTitle "FM"]
[WhiteElo "2414"]
[BlackElo "2354"]
[WhiteFideId "872555"]
[BlackFideId "2264005"]
[EventDate "2025.05.20"]

1. e4 e6 2. d3 d5 3. Nd2 Nf6 4. Ngf3 c5 5. g3 Nc6 6. Bg2 g6 7. O-O Bg7 8. Re1
O-O 9. c3 b6 10. exd5 Nxd5 11. Ne4 Bb7 12. Bg5 f6 13. Bd2 Qc7 14. Qc2 Rad8 15.
h4 h6 16. Bc1 f5 17. Ned2 e5 18. Nc4 Ndb4 19. cxb4 Nxb4 20. Qb1 Nxd3 21. Rd1 e4
22. Ne1 b5 23. Na3 c4 24. Nxd3 cxd3 25. Be3 a6 26. Rd2 b4 27. Nb5 axb5 28. Qd1
Rc8 29. a3 bxa3 30. Rxa3 Kh7 31. Ra7 Ra8 32. Rxb7 Qxb7 33. Rxd3 Rf7 34. Rd6 Bxb2
35. h5 g5 36. Qb3 Be5 37. Qe6 Bg7 38. g4 Qe7 39. Qg6+ Kh8 40. Re6 Qf8 41. gxf5
b4 42. Bxe4 Ra1+ 43. Kg2 Rf6 44. Rxf6 Qxf6 45. Qe8+ Qf8 46. Qb5 Rd1 47. f6 Qxf6
48. Qe8+ Qf8 49. Qg6 Qg8 50. Bc2 Rd7 51. Qf5 Qd5+ 52. Qxd5 Rxd5 53. Bb3 Rd7 54.
Bf7 Rxf7 0-1

[Event "Titled Tue 20th May Early"]
[Site "chess.com INT"]
[Date "2025.05.20"]
[Round "3"]
[White "Akhilbay, Imangali"]
[Black "Bayaca, Sterling"]
[Result "0-1"]
[WhiteTitle "FM"]
[BlackTitle "FM"]
[WhiteElo "2346"]
[BlackElo "2231"]
[WhiteFideId "13734857"]
[BlackFideId "3227790"]
[EventDate "2025.05.20"]

1. b3 d5 2. Bb2 Nf6 3. e3 Bf5 4. f4 e6 5. Nf3 h6 6. Ne5 Nbd7 7. g4 Be4 8. Rg1
Nxe5 9. fxe5 Nd7 10. Nc3 Qh4+ 11. Rg3 Bg6 12. Qe2 O-O-O 13. O-O-O Nxe5 14. d4
Nc6 15. e4 dxe4 16. Nxe4 Nb4 17. a3 Nd5 18. Kb1 Bxa3 19. Bxa3 Bxe4 20. Bb2 Bg6
21. Rh3 Qe7 22. Qf2 Qf6 23. Rf3 Qe7 24. h4 f6 25. h5 Be4 26. Rg3 Nb4 27. Rc3 Nd5
28. Rc4 f5 29. Re1 Rhf8 30. gxf5 Bxf5 31. Qh2 Qd6 32. Qh1 Kb8 33. Bg2 Bh7 34.
Ka2 Bxc2 35. Ba3 Qa6 36. Bxd5 exd5 37. Rxc2 Qa5 38. Kb2 Rf6 39. Re5 Ra6 40. Qa1
Qb5 41. Rd2 Qa5 42. Re3 Qxd2+ 43. Kb1 Qxe3 44. Qb2 Qe1+ 45. Ka2 Qa5 46. b4 Qxa3+
47. Qxa3 Rxa3+ 48. Kxa3 b5 49. Kb3 a6 50. Kc3 Kb7 51. Kd3 c6 52. Ke3 Rf8 53. Ke2
Rf5 54. Ke3 Rxh5 55. Kf4 Rg5 56. Kf3 Kc7 57. Kf4 Kd7 58. Kf3 Ke7 59. Kf4 Kf6 60.
Kf3 h5 61. Kf4 h4 62. Kf3 h3 63. Kf4 h2 64. Kf3 h1=Q+ 65. Kf4 Qh4+ 66. Kf3 Rg3+
67. Kf2 Qh2+ 68. Kf1 Rg1# 0-1

[Event "Titled Tue 20th May Early"]
[Site "chess.com INT"]
[Date "2025.05.20"]
[Round "3"]
[White "Vasilenok, Anton"]
[Black "Tanaka, Taira Tyler"]
[Result "1-0"]
[WhiteTitle "CM"]
[BlackTitle "FM"]
[WhiteElo "2137"]
[BlackElo "2240"]
[WhiteFideId "34133124"]
[BlackFideId "7002351"]
[EventDate "2025.05.20"]

1. d4 Nf6 2. c4 g6 3. Nc3 Bg7 4. e4 O-O 5. Be2 d6 6. Nf3 c5 7. d5 e6 8. O-O exd5
9. exd5 Bf5 10. Bf4 a6 11. a4 Re8 12. Qd2 Ne4 13. Nxe4 Bxe4 14. Ng5 Bf5 15. h3
Qc7 16. Rae1 Nd7 17. g4 f6 18. Nxh7 Kxh7 19. gxf5 g5 20. Bg3 Ne5 21. f4 gxf4 22.
Rxf4 Bh6 23. Rh4 Qg7 24. Kh2 Rg8 25. Rg1 Qg5 26. Qxg5 fxg5 27. Re4 Rae8 28. Bh5
Re7 29. f6 Rd7 30. Bxe5 dxe5 31. Rxe5 Bf8 32. Rexg5 Rxg5 33. Rxg5 Bd6+ 34. Kg2
Kh6 35. h4 b5 36. axb5 axb5 37. Be8 Ra7 38. cxb5 Ra2 39. Rg6+ Kh7 40. Rg7+ Kh6
41. Rd7 Rxb2+ 42. Kf3 Be5 43. f7 Bg7 44. Rd6+ Kh7 45. h5 c4 46. Rc6 c3 47. d6 c2
48. d7 Rb3+ 49. Ke2 Bc3 50. f8=Q c1=Q 51. Qf7+ Bg7 52. Qg6+ Kh8 53. Rxc1 Rb2+
54. Kd3 Rd2+ 55. Ke3 Bd4+ 56. Kxd2 Be3+ 57. Ke2 Bh6 58. Bf7 Bg7 59. h6 Bf8 60.
Qg8# 1-0

[Event "Titled Tue 20th May Early"]
[Site "chess.com INT"]
[Date "2025.05.20"]
[Round "3"]
[White "Nguyen Thien Ngan"]
[Black "Manvelyan, Mikayel"]
[Result "1-0"]
[WhiteTitle "WIM"]
[BlackTitle "FM"]
[WhiteElo "1998"]
[BlackElo "2362"]
[WhiteFideId "12414816"]
[BlackFideId "13310143"]
[EventDate "2025.05.20"]

1. e4 e5 2. Nf3 Nc6 3. Bc4 Nf6 4. d3 Bc5 5. c3 d6 6. b4 Bb6 7. a4 a5 8. b5 Ne7
9. Ba3 O-O 10. Nbd2 Re8 11. Qb3 d5 12. Bxe7 Rxe7 13. Bxd5 Nxd5 14. exd5 Bf5 15.
Ne4 Rd7 16. c4 Bxe4 17. dxe4 Qe7 18. O-O Rf8 19. Qc3 f6 20. Rac1 Bc5 21. Rfd1 b6
22. Nh4 g6 23. Qh3 Rdd8 24. Rd3 Qd7 25. Qg3 Bd6 26. Rf3 f5 27. Nxf5 Bb4 28. Nh6+
Kg7 29. Qxe5+ Kxh6 30. Rh3+ Qxh3 31. gxh3 Bc5 32. Rf1 Rde8 33. Qg3 Rxe4 34. Kg2
Rxc4 35. Qxc7 Rc2 36. Qg3 Rd2 37. Qh4+ Kg7 38. Qg3 Rf5 39. Qc7+ Kh6 40. h4
Rfxf2+ 41. Rxf2 Rxf2+ 42. Kg3 Rf5 43. d6 Rd5 44. Kf3 Rxd6 45. Qf7 Bd4 46. Qf4+
Kg7 47. Qxd6 Bf6 48. Qxb6 Kf7 49. Qxa5 Ke6 50. Qa7 Bd8 51. Qa6+ Bb6 52. Qxb6+
Kd5 53. Qc6+ Kd4 54. b6 Ke5 55. b7 g5 56. b8=Q+ Kd4 57. Qbd6# 1-0

[Event "Titled Tue 20th May Early"]
[Site "chess.com INT"]
[Date "2025.05.20"]
[Round "3"]
[White "Bozorov, Javohir"]
[Black "Habiaga, Raul Adrian"]
[Result "1-0"]
[WhiteTitle "FM"]
[WhiteElo "2093"]
[BlackElo "1965"]
[WhiteFideId "14216957"]
[BlackFideId "20027770"]
[EventDate "2025.05.20"]

1. g4 c6 2. Bg2 d5 3. g5 Bf5 4. d4 Nd7 5. Bf4 Qb6 6. b3 e6 7. Nd2 Qxd4 8. e3 Qc3
9. Rc1 Ba3 10. Ne2 Qc5 11. e4 Bxc1 12. exf5 Bxd2+ 13. Qxd2 exf5 14. O-O Ne7 15.
b4 Qc4 16. Bd6 Nc8 17. Qe3+ Kd8 18. Bf4 Re8 19. Bc7+ Kxc7 20. Qxe8 Ncb6 21. Qe7
Kc8 22. Ng3 g6 23. Qxf7 Qxc2 24. Qxh7 f4 25. Nh1 Kc7 26. Bh3 Re8 27. f3 Re2 28.
Nf2 Qxa2 29. Qxg6 Nc4 30. Bxd7 Kxd7 31. Qf7+ Kd8 32. Qf8+ Kc7 33. Qxf4+ Nd6 34.
g6 Qc2 35. Qg3 Re6 36. g7 Rg6 37. g8=Q Rxg3+ 38. Qxg3 Qc4 39. Re1 Qxb4 40. h4 a5
41. h5 Qxe1+ 42. Kg2 Qe6 43. Qf4 Kb6 44. h6 Nf5 45. Ng4 Nh4+ 46. Kh3 Ng6 47. Qg5
a4 48. h7 a3 49. Qxg6 Qxg6 50. h8=Q 1-0

[Event "Titled Tue 20th May Early"]
[Site "chess.com INT"]
[Date "2025.05.20"]
[Round "3"]
[White "Kravtsiv, Martyn"]
[Black "Kavutskiy, Kostya"]
[Result "1-0"]
[WhiteTitle "GM"]
[BlackTitle "IM"]
[WhiteElo "2598"]
[BlackElo "2356"]
[WhiteFideId "14113147"]
[BlackFideId "2026384"]
[EventDate "2025.05.20"]

1. e4 c5 2. Nc3 Nc6 3. Bb5 Nd4 4. Nf3 e6 5. O-O a6 6. Bd3 Nc6 7. Nd5 d6 8. Ne3
Nf6 9. c3 d5 10. exd5 exd5 11. Re1 Be7 12. Nf5 Bxf5 13. Bxf5 O-O 14. d4 g6 15.
Bc2 Re8 16. Be3 Qb6 17. Rb1 Rad8 18. h3 Kg7 19. a3 Bd6 20. b4 c4 21. Ne5 Ne7 22.
Qc1 Neg8 23. Bf4 Qc7 24. Bh2 Nd7 25. Nf3 Bxh2+ 26. Nxh2 Ndf6 27. Qg5 h6 28. Qd2
Re7 29. Rxe7 Nxe7 30. Re1 Nc8 31. Nf3 Nd6 32. Qf4 Qd7 33. Ne5 Qe6 34. Re3 Nfe4
35. f3 g5 36. Qh2 Nf6 37. Kf2 Re8 38. Qg1 Nf5 39. Re1 Qc8 40. g3 Nh5 41. Bxf5
Qxf5 42. Re2 f6 43. g4 Qf4 44. gxh5 fxe5 45. Qg4 Qh2+ 46. Kf1 Qh1+ 47. Kf2 Qh2+
48. Ke1 Qh1+ 49. Kd2 Qa1 50. Qd7+ Kf8 51. Qd6+ Re7 52. Qxh6+ Ke8 53. Qg6+ Kf8
54. Qf6+ Ke8 55. Rxe5 Qb2+ 56. Kd1 Qb1+ 57. Ke2 Qd3+ 58. Kf2 Qd2+ 59. Kg3 1-0

[Event "Titled Tue 20th May Early"]
[Site "chess.com INT"]
[Date "2025.05.20"]
[Round "3"]
[White "Duarte Cramer, Lily Jeanette"]
[Black "Maiorov, Nikita1"]
[Result "0-1"]
[WhiteTitle "WCM"]
[BlackTitle "GM"]
[WhiteElo "1828"]
[BlackElo "2472"]
[WhiteFideId "29620180"]
[BlackFideId "13501720"]
[EventDate "2025.05.20"]

1. d4 Nf6 2. c4 c5 3. d5 e6 4. Nc3 exd5 5. cxd5 d6 6. e4 g6 7. h3 Bg7 8. Nf3 O-O
9. Bd3 a6 10. a4 Re8 11. O-O Nbd7 12. Bf4 c4 13. Bc2 Nc5 14. e5 Nh5 15. Bg5 f6
16. exf6 Bxf6 17. Bxf6 Qxf6 18. Re1 Bd7 19. Qd4 Qf7 20. Qxc4 Nf4 21. Rad1 Nxh3+
22. Kf1 Nf4 23. Ne2 Nxe2 24. Rxe2 Rxe2 25. Qxe2 Re8 26. Qc4 b5 27. Qh4 bxa4 28.
Ng5 Bb5+ 29. Kg1 Qg7 30. Qg3 Qxb2 31. Nxh7 Qxc2 32. Nf6+ Kf7 33. Nxe8 Qxd1+ 34.
Kh2 Qh5+ 35. Kg1 Kxe8 36. Qxd6 Nd7 37. Qe6+ Kd8 38. d6 Kc8 39. Qe8+ Kb7 40. Qd8
Qd1+ 41. Kh2 Qxd6+ 42. Kg1 Qc7 43. Qg5 a3 44. Qd5+ Qc6 45. Qa2 Qc5 46. Qb3 a5
47. Qf3+ Kb6 48. Qb3 a4 49. Qe6+ Bc6 50. Qa2 Qb4 51. Qe2 Qb2 52. Kh2 Qxe2 53. g3
Qxf2+ 54. Kh3 Qg2+ 55. Kh4 Qh2+ 56. Kg5 Qxg3+ 57. Kh6 a2 58. Kg7 a1=Q+ 59. Kf7
Qf6+ 60. Kg8 Qf8+ 61. Kh7 Qh4+ 62. Kxg6 Qhh6# 0-1

[Event "Titled Tue 20th May Early"]
[Site "chess.com INT"]
[Date "2025.05.20"]
[Round "3"]
[White "Nguyen Quang Anh"]
[Black "Daspres, Loic"]
[Result "1-0"]
[WhiteTitle "CM"]
[BlackTitle "CM"]
[WhiteElo "2052"]
[BlackElo "2207"]
[WhiteFideId "12432377"]
[BlackFideId "20612281"]
[EventDate "2025.05.20"]

1. d4 Nf6 2. c4 e6 3. Nc3 Bb4 4. f3 c5 5. d5 O-O 6. e4 d6 7. Bd3 Ne8 8. Ne2 e5
9. O-O Bxc3 10. Nxc3 f5 11. exf5 Bxf5 12. Bxf5 Rxf5 13. Ne4 Nd7 14. a3 h6 15.
Be3 Rf7 16. b4 b6 17. bxc5 Nxc5 18. Bxc5 bxc5 19. Qa4 Rb8 20. Rab1 Rfb7 21. Rxb7
Rxb7 22. Qc6 Rb6 23. Qa4 a6 24. Qa5 Qb8 25. h3 Nf6 26. Nxf6+ gxf6 27. Qa4 Qc8
28. Qc2 f5 29. Rb1 Rxb1+ 30. Qxb1 Qe8 31. Qxf5 Kg7 32. Kh2 a5 33. Qg4+ Kh8 34.
Kg3 Qf8 35. h4 Qf6 36. Qc8+ Kg7 37. Qd7+ Kh8 38. Qg4 Kh7 39. Kh3 Kh8 40. h5 a4
41. Qc8+ Kh7 42. Qg4 Kh8 43. Kg3 Kh7 44. Kf2 Kh8 45. Ke3 Kh7 46. g3 Kh8 47. Qc8+
Kh7 48. Qd7+ Kh8 49. Qxa4 Qg5+ 50. Ke2 Qxg3 51. Qe8+ Kh7 52. Qg6+ Qxg6 53. hxg6+
Kxg6 54. a4 h5 55. a5 1-0

[Event "Titled Tue 20th May Early"]
[Site "chess.com INT"]
[Date "2025.05.20"]
[Round "3"]
[White "Wanyama, Harold"]
[Black "Nurgaliyev, Sauat"]
[Result "0-1"]
[WhiteTitle "FM"]
[BlackTitle "IM"]
[WhiteElo "2132"]
[BlackElo "2407"]
[WhiteFideId "10000380"]
[BlackFideId "13726285"]
[EventDate "2025.05.20"]

1. d4 d6 2. e4 Nf6 3. Nc3 e5 4. Nf3 Nbd7 5. h3 Be7 6. Bc4 O-O 7. O-O c6 8. Bb3
b5 9. Re1 a5 10. a4 b4 11. Nb1 c5 12. dxe5 Nxe5 13. Nbd2 Ba6 14. Nxe5 dxe5 15.
Qf3 Rc8 16. Nc4 Qc7 17. Bg5 Ne8 18. Qg3 Bxg5 19. Qxg5 Bxc4 20. Bxc4 Nd6 21. Bd5
Rfe8 22. Rad1 c4 23. Re3 h6 24. Qg4 Kh8 25. Rg3 Rg8 26. Qh5 Qe7 27. Re1 Kh7 28.
Ree3 g6 29. Qe2 Rgf8 30. Ref3 f5 31. exf5 gxf5 32. b3 e4 33. Rf4 Qe5 34. Rh4
Qxd5 35. Qh5 Rf6 36. Kh2 cxb3 37. cxb3 Qf7 38. Qe2 Rc3 39. Qa6 Rxg3 40. fxg3 Rg6
41. Qxa5 Qxb3 42. Qe5 Nf7 43. Qf4 Qe6 44. Rh5 b3 45. Rxf5 Ng5 46. Rb5 Rg7 47. h4
Nf7 48. a5 e3 49. Rb6 Qg4 50. Qxe3 b2 51. Rxb2 Qa4 52. Qd3+ Rg6 53. Rb5 Kg7 54.
h5 Rf6 55. Qc3 Qg4 56. Rb6 Qxh5+ 57. Kg1 Qd1+ 58. Kh2 Qh5+ 59. Kg1 Ne5 60. Rb5
Qd1+ 61. Kh2 Ng4+ 62. Kh3 Nf2+ 63. Kh2 Qh1# 0-1

[Event "Titled Tue 20th May Early"]
[Site "chess.com INT"]
[Date "2025.05.20"]
[Round "3"]
[White "Zaksaite, Salomeja"]
[Black "Shevchenko, Yaroslav"]
[Result "1-0"]
[WhiteTitle "WGM"]
[WhiteElo "2119"]
[BlackElo "2137"]
[WhiteFideId "12801496"]
[BlackFideId "34144684"]
[EventDate "2025.05.20"]

1. d4 e6 2. c4 d5 3. g3 Nf6 4. Bg2 c6 5. Nc3 Nbd7 6. cxd5 exd5 7. Nf3 Bd6 8. O-O
O-O 9. Bf4 Qc7 10. e3 Re8 11. Rc1 Qb8 12. a3 h6 13. b4 a5 14. b5 Nb6 15. bxc6
bxc6 16. Ne5 Bb7 17. Rb1 Ra6 18. Nd3 Bxf4 19. gxf4 Nfd7 20. Qb3 Qd6 21. Ne5 Rb8
22. Rfc1 a4 23. Qb4 c5 24. dxc5 Nxc5 25. Bf1 f6 26. Nd3 Ne4 27. Qxd6 Nxd6 28.
Nc5 Ra5 29. Rxb6 Rxc5 30. Rxd6 Bc8 31. Rxd5 Rc7 32. Rd8+ Kh7 33. Bd3+ g6 34. Ne2
Rxc1+ 35. Nxc1 Kg7 36. Kf1 Kf7 37. Ke1 Ke7 38. Rd4 Rb1 39. Kd2 Rb2+ 40. Kd1 Rxf2
41. h4 Bg4+ 42. Ke1 Rh2 43. Bxg6 Rxh4 44. Nd3 Rh1+ 45. Kf2 Ra1 46. Rxa4 h5 47.
Ra7+ Kd6 48. Kg3 Rg1+ 49. Kh2 Rd1 50. Nf2 Rd2 51. Kg3 Be2 52. Ne4+ 1-0

[Event "Titled Tue 20th May Early"]
[Site "chess.com INT"]
[Date "2025.05.20"]
[Round "3"]
[White "Khodabandeh, Milad"]
[Black "Sava, Robert-Gabriel"]
[Result "0-1"]
[WhiteTitle "CM"]
[BlackTitle "CM"]
[WhiteElo "1957"]
[BlackElo "2155"]
[WhiteFideId "12538620"]
[BlackFideId "1265725"]
[EventDate "2025.05.20"]

1. e4 e6 2. d4 d5 3. Nd2 c5 4. exd5 exd5 5. Ngf3 Nc6 6. Bb5 cxd4 7. O-O Bd6 8.
Nxd4 Ne7 9. Nxc6 bxc6 10. Bd3 O-O 11. Qh5 g6 12. Qh4 Bf5 13. Bxf5 Nxf5 14. Qxd8
Rfxd8 15. Nf3 f6 16. Re1 Kf7 17. c3 c5 18. b3 h5 19. h3 h4 20. Rd1 a5 21. Rb1
Rab8 22. Kf1 Be7 23. Bd2 a4 24. b4 cxb4 25. cxb4 d4 26. a3 g5 27. Rbc1 Rbc8 28.
Rxc8 Rxc8 29. Rc1 Rxc1+ 30. Bxc1 Ke6 31. Ke2 Kd5 32. Kd3 Bd8 33. Bb2 Bb6 34. Nh2
Nd6 35. Ng4 Ne4 36. f3 f5 37. fxe4+ fxe4+ 38. Kd2 Kc4 39. Bc1 e3+ 40. Ke2 d3+
41. Kd1 e2+ 42. Ke1 Bc7 43. Be3 Bg3+ 44. Bf2 Bf4 45. Be3 Bc7 46. Kd2 Kb3 47. Bf2
Kc4 48. Ne5+ Bxe5 49. Be3 Bb8 50. Bf2 Bf4+ 51. Ke1 Kc3 52. g3 hxg3 53. Bg1 Kc2
54. h4 d2+ 55. Kxe2 d1=Q# 0-1

[Event "Titled Tue 20th May Early"]
[Site "chess.com INT"]
[Date "2025.05.20"]
[Round "3"]
[White "Wagh, Suyog"]
[Black "Vaganian, Rafael A"]
[Result "1-0"]
[WhiteTitle "FM"]
[BlackTitle "GM"]
[WhiteElo "2319"]
[BlackElo "2449"]
[WhiteFideId "25071688"]
[BlackFideId "13300016"]
[EventDate "2025.05.20"]

1. e4 e6 2. d4 d5 3. e5 c5 4. c3 Nc6 5. Nf3 Nh6 6. Bd3 cxd4 7. O-O dxc3 8. bxc3
Qc7 9. Re1 g6 10. h3 Bg7 11. Qe2 Nf5 12. Bf4 O-O 13. Nbd2 b6 14. g4 Nfe7 15. Qe3
d4 16. cxd4 Nd5 17. Qe4 Nxf4 18. Qxf4 Nb4 19. Be4 Bb7 20. Rac1 Qd7 21. a3 Bxe4
22. Qxe4 Nd5 23. g5 Rac8 24. Nc4 Qc6 25. Rc2 Qa4 26. Rec1 Rfd8 27. Nh2 b5 28.
Nd6 Rxc2 29. Rxc2 Bf8 30. Ng4 Bxd6 31. exd6 Qxa3 32. d7 Qe7 33. Qe5 Qxd7 34. Rc5
Kf8 35. Qh8+ Ke7 36. Qe5 Qd6 37. Qe4 Qf4 38. Qc2 Qxg5 39. Kh1 Kf8 40. Rc6 Kg7
41. Qe2 Qf5 42. Ne5 Nf4 43. Qf3 Qxh3+ 44. Qxh3 Nxh3 45. Rc7 Rf8 46. Nd7 Rd8 47.
Ne5 Rf8 48. Kg2 Nf4+ 49. Kf3 Nd5 50. Rxa7 b4 51. Nd7 Rd8 52. Ne5 Kh6 53. Nxf7+
Kh5 54. Nxd8 h6 55. Nxe6 g5 56. Ke4 Nc3+ 57. Kf5 Nb5 58. Rh7 b3 59. Ng7+ Kh4 60.
Rxh6# 1-0

[Event "Titled Tue 20th May Early"]
[Site "chess.com INT"]
[Date "2025.05.20"]
[Round "3"]
[White "Moghaddamian, Afshin"]
[Black "Risteski, Emil"]
[Result "1-0"]
[WhiteTitle "CM"]
[BlackTitle "IM"]
[WhiteElo "2126"]
[BlackElo "2359"]
[WhiteFideId "12503886"]
[BlackFideId "15005267"]
[EventDate "2025.05.20"]

1. Nf3 Nc6 2. d4 d5 3. g3 Bf5 4. Bg2 e6 5. c4 Nb4 6. Na3 Nc6 7. Nb1 Nf6 8. O-O
Be7 9. Nc3 Ne4 10. cxd5 exd5 11. Qb3 Nxc3 12. Qxc3 O-O 13. Bf4 Rc8 14. a3 h6 15.
b4 g5 16. Be3 Nb8 17. Ne5 c6 18. Rac1 a6 19. Nd3 Nd7 20. Nc5 Rb8 21. Nxd7 Qxd7
22. f3 Rbe8 23. Bf2 Bd6 24. Rfe1 Bg6 25. e4 f6 26. e5 Bc7 27. a4 Qg7 28. exf6
Rxe1+ 29. Rxe1 Rxf6 30. Rc1 Bd6 31. Qb3 Be8 32. b5 axb5 33. axb5 Qe7 34. bxc6
Bxc6 35. Re1 Re6 36. Rxe6 Qxe6 37. Qc3 Qe2 38. Bh3 Kf7 39. Bf5 Kf6 40. Bc2 Qc4
41. Qd2 Bb4 42. Qd1 Bc3 43. Bb3 Qb4 44. Bc2 Bb5 45. f4 gxf4 46. Qh5 fxg3 47.
Qg6+ Ke7 48. Qg7+ Kd6 49. Bxg3+ Ke6 50. Qg8+ Kd7 51. Qf7+ 1-0

[Event "Titled Tue 20th May Early"]
[Site "chess.com INT"]
[Date "2025.05.20"]
[Round "3"]
[White "Khazhatuly, Alikhan"]
[Black "Jedryczka, Krystian"]
[Result "1/2-1/2"]
[WhiteTitle "CM"]
[WhiteElo "2196"]
[BlackElo "2084"]
[WhiteFideId "13731335"]
[BlackFideId "1109472"]
[EventDate "2025.05.20"]

1. e4 e5 2. Nf3 Nc6 3. Nc3 Nf6 4. Bb5 Nd4 5. Bc4 Bd6 6. O-O O-O 7. d3 h6 8. h3
c6 9. Be3 b5 10. Bb3 b4 11. Bxd4 exd4 12. Ne2 Bc5 13. Nexd4 d5 14. Nxc6 Qd6 15.
exd5 Nxd5 16. d4 Nf4 17. dxc5 Qxc6 18. Qd6 Nxh3+ 19. Kh2 Qe4 20. Bd5 Qg4 21. Qg3
Nf4 22. Qxg4 Bxg4 23. Bxa8 Rxa8 24. Kg3 Bxf3 25. Kxf3 Ne6 26. Rfd1 Nxc5 27. a3
b3 28. Rd5 Rc8 29. cxb3 Nxb3 30. Rad1 Rc2 31. Rd8+ Kh7 32. R8d7 Kg6 33. Rxa7
Rxb2 34. Rc7 Ra2 35. Rdd7 Rxa3 36. Rxf7 Nd4+ 37. Ke4 Ne6 38. Rfe7 Nxc7 39. Rxc7
Ra2 40. Kf3 Ra3+ 41. Kg4 h5+ 42. Kh4 Kh6 43. f4 g6 44. Rc8 Ra4 45. Kg3 Ra3+ 46.
Kh2 Ra2 47. Kh3 Ra1 48. g3 Rf1 49. Kg2 Ra1 50. Rc6 Ra2+ 51. Kh3 Ra1 52. f5 Rf1
53. Rxg6+ Kh7 54. Rg5 Kh6 55. Rg6+ Kh7 56. Rf6 Kg7 57. Rg6+ Kh7 1/2-1/2

[Event "Titled Tue 20th May Early"]
[Site "chess.com INT"]
[Date "2025.05.20"]
[Round "3"]
[White "Kovalevsky, Stanislav"]
[Black "Bigabylov, Zhuban"]
[Result "1-0"]
[WhiteTitle "FM"]
[BlackTitle "FM"]
[WhiteElo "2098"]
[BlackElo "2031"]
[WhiteFideId "13508598"]
[BlackFideId "13701495"]
[EventDate "2025.05.20"]

1. e4 c5 2. c3 d5 3. exd5 Qxd5 4. Nf3 Nf6 5. d4 cxd4 6. cxd4 e6 7. a3 Nc6 8. Nc3
Qd8 9. Be3 Be7 10. Bd3 O-O 11. O-O b6 12. Rc1 Bb7 13. Bb1 Nd5 14. Qd3 g6 15. Bh6
Re8 16. Ne4 Bf8 17. Bxf8 Rxf8 18. Rfe1 Nce7 19. Nfg5 Nf5 20. Qh3 h6 21. Nf3 Kg7
22. Rcd1 Qe7 23. g4 Nf4 24. Qf1 Nh4 25. Nxh4 Qxh4 26. f3 Rfd8 27. Kh1 Rd5 28.
Nc3 Rd7 29. Be4 Bxe4 30. fxe4 g5 31. Rd2 Rad8 32. Red1 h5 33. gxh5 Qxh5 34. d5
e5 35. d6 Qh6 36. Qg1 Qh5 37. Qg3 a6 38. Na4 Rxd6 39. Rxd6 Qxd1+ 40. Rxd1 Rxd1+
41. Qg1 Rxg1+ 42. Kxg1 b5 43. Nc5 a5 44. Kf2 Kf6 45. Ke3 Ke7 46. Nb7 a4 47. Nc5
Ne6 48. Nd3 f6 49. Nb4 Nd4 50. Nd5+ Ke6 51. Nc7+ Kd6 52. Ne8+ Ke6 53. Nc7+ Kf7
54. Kd3 Kg6 55. Nd5 1-0

[Event "Titled Tue 20th May Early"]
[Site "chess.com INT"]
[Date "2025.05.20"]
[Round "3"]
[White "Jake Shanty"]
[Black "Aravindh, Chithambaram VR."]
[Result "0-1"]
[WhiteTitle "FM"]
[BlackTitle "GM"]
[WhiteElo "2252"]
[BlackElo "2749"]
[WhiteFideId "33478066"]
[BlackFideId "5072786"]
[EventDate "2025.05.20"]

1. Nf3 Nf6 2. b3 b6 3. Bb2 Bb7 4. c4 g6 5. g3 Bg7 6. Bg2 O-O 7. O-O c5 8. d4
cxd4 9. Nxd4 Bxg2 10. Kxg2 Qc8 11. Nd2 Qb7+ 12. N2f3 d6 13. Rc1 Nbd7 14. Kg1 a6
15. a4 Rfc8 16. b4 a5 17. b5 Nc5 18. Ba3 Nfe4 19. Bxc5 Nxc5 20. Rb1 Qd7 21. Nc6
Rc7 22. Nfd4 Re8 23. Qc2 h5 24. Rfd1 h4 25. Nf3 hxg3 26. hxg3 Qf5 27. Qxf5 gxf5
28. Nh4 Nxa4 29. Rb3 Nc3 30. Rd2 Ne4 31. Rd1 e6 32. Nf3 Rec8 33. Kg2 Rxc6 34.
bxc6 Rxc6 35. Nd2 Nc5 36. Rb5 a4 37. Rdb1 a3 38. Rxb6 Rxb6 39. Rxb6 a2 40. Rb8+
Kh7 41. Ra8 a1=Q 42. Rxa1 Bxa1 43. Nf3 Bf6 44. e3 Ne4 45. Ne1 Kg6 46. Nd3 Bd8
47. Kf3 Nd2+ 48. Ke2 Nxc4 49. Nf4+ Kf6 50. Nh5+ Ke7 51. Nf4 d5 52. Nd3 Nd6 53.
Ne5 Ne4 54. Nc6+ Kd7 55. Ne5+ Ke8 56. Nc6 Bc7 57. Nd4 Bb6 58. Nc6 Kd7 59. Ne5+
Ke7 60. Nd3 Kd6 61. Kf3 d4 62. exd4 Bxd4 63. Ke2 Nxf2 64. Nf4 Ne4 65. Kf3 Be5
66. Ne2 Nxg3 0-1